[Event "Flint Summer Swiss"]
[Site "Flint, MI"]
[Date "2002.07.28"]
[Round "5.13"]
[White "Gross, Ben"]
[Black "Holden, Anthony"]
[Result "0-1"]
[WhiteElo "1493"]
[BlackElo "1505"]
[PlyCount "76"]
[EventDate "2002.07.27"]

1. d4 d5 2. c4 e5 3. dxe5 Bb4+ 4. Bd2 Qe7 5. a3 Bxd2+ 6. Qxd2 dxc4 7. Nf3 Bg4
8. Qg5 Qxg5 9. Nxg5 Nc6 10. e4 Nxe5 11. f4 Nd3+ 12. Bxd3 cxd3 13. Kd2 h6 14.
Nf3 O-O-O 15. Ne5 Bh5 16. g4 f6 17. gxh5 fxe5 18. fxe5 Re8 19. Rg1 Rxe5 20.
Kxd3 Nf6 21. Rxg7 Rxh5 22. Nd2 Rd8+ 23. Ke3 Rxh2 24. Rc1 c6 25. Nc4 Rh3+ 26.
Kf4 Nh5+ 27. Kg4 Rg3+ 28. Kxh5 Rxg7 29. Ne3 Rd2 30. Nf5 Rh2+ 31. Nh4 Rg5+ 32.
Kxh6 Rg4 33. Rc5 Rhxh4+ 34. Rh5 Rxe4 35. Kg6 Rxh5 36. Kxh5 Re3 37. Kg4 c5 38.
Kf4 Rb3 0-1

[Event "Flint Summer Swiss"]
[Site "Flint, MI"]
[Date "2002.07.28"]
[Round "4.7"]
[White "Gregory, Kevin"]
[Black "Burwell, Raymond"]
[Result "1/2-1/2"]
[WhiteElo "1770"]
[BlackElo "1834"]
[PlyCount "67"]
[EventDate "2002.07.27"]

1. d4 d5 2. Nf3 Nf6 3. Bf4 g6 4. e3 Bg7 5. h3 O-O 6. Be2 Nbd7 7. O-O Re8 8.
Nbd2 Nh5 9. Bh2 Nhf6 10. c4 c5 11. dxc5 Nxc5 12. Nb3 Nxb3 13. Qxb3 dxc4 14.
Bxc4 e6 15. Rfd1 Qa5 16. Rd3 a6 17. Rdd1 b5 18. Be2 Bb7 19. a3 Red8 20. Rac1
Bd5 21. Qb4 Qxb4 22. axb4 Rdc8 23. Nd4 Bf8 24. Be5 Nd7 25. Bg3 Bxb4 26. Nf3 Nb6
27. Ne5 Bb3 28. Rf1 Rxc1 29. Rxc1 Rc8 30. Rxc8+ Nxc8 31. Nd3 Bf8 32. Kf1 Bg7
33. Nc5 Bd5 34. b4 1/2-1/2

[Event "Flint Summer Swiss"]
[Site "Flint, MI"]
[Date "2002.07.28"]
[Round "5.4"]
[White "Everett, Morgan"]
[Black "Gregory, Kevin"]
[Result "1-0"]
[WhiteElo "2077"]
[BlackElo "1770"]
[PlyCount "33"]
[EventDate "2002.07.27"]

1. e4 c5 2. Nf3 d6 3. Bb5+ Bd7 4. a4 Nc6 5. Nc3 Nf6 6. d4 a6 7. Bxc6 Bxc6 8. d5
Bd7 9. e5 dxe5 10. Nxe5 g6 11. O-O Bf5 12. Re1 Bd7 13. d6 e6 14. Qf3 Bxd6 15.
Bg5 Be7 16. Rad1 Nd5 17. Qxf7# 1-0

[Event "Flint Summer Swiss"]
[Site "Flint, MI"]
[Date "2002.07.28"]
[Round "5.5"]
[White "Christiansen, Jeremy"]
[Black "Aldrich, Jeff"]
[Result "0-1"]
[WhiteElo "1669"]
[BlackElo "1900"]
[PlyCount "94"]
[EventDate "2002.07.27"]

1. e4 c6 2. d4 d5 3. Nc3 dxe4 4. Nxe4 Nd7 5. Nf3 Ngf6 6. Bd3 Nxe4 7. Bxe4 Nf6
8. Bd3 Bg4 9. Be3 e6 10. h3 Bh5 11. g4 Bg6 12. Ne5 Qc7 13. Bxg6 hxg6 14. Qf3
Bd6 15. Nc4 Nd5 16. O-O-O b5 17. Nxd6+ Qxd6 18. h4 Nxe3 19. fxe3 Qd5 20. Qxd5
cxd5 21. c3 Ke7 22. h5 gxh5 23. Rxh5 Rxh5 24. gxh5 f6 25. Kd2 Rh8 26. Rh1 g6
27. h6 Kf7 28. Kd3 f5 29. a4 a6 30. axb5 axb5 31. b3 g5 32. c4 bxc4+ 33. bxc4
dxc4+ 34. Kxc4 Kg6 35. Kd3 Rxh6 36. Ra1 g4 37. Ra6 Kg5 38. Ke2 Rf6 39. Kf2 e5
40. Ra4 exd4 41. Rxd4 Re6 42. Rd5 Re4 43. Rb5 Ra4 44. Kg3 Ra3 45. Kf2 Ra2+ 46.
Kg3 Re2 47. Rb3 Rxe3+ 0-1

[Event "Flint Summer Swiss"]
[Site "Flint, MI"]
[Date "2002.07.28"]
[Round "5.15"]
[White "Cendrowski, Chris"]
[Black "Reddick, Forrest"]
[Result "1-0"]
[WhiteElo "1379"]
[BlackElo "953"]
[PlyCount "41"]
[EventDate "2002.07.27"]

1. e4 d6 2. d4 e5 3. Nf3 Nc6 4. Bc4 Nf6 5. Ng5 Qe7 6. Bxf7+ Kd8 7. Bb3 h6 8.
Nf7+ Ke8 9. Nxh8 Be6 10. d5 Nd4 11. dxe6 Nxb3 12. axb3 Nxe4 13. Qh5+ Kd8 14.
Ng6 Qf6 15. O-O Ke8 16. Nxe5+ Ke7 17. Ng6+ Kxe6 18. Nf4+ Ke7 19. Nd5+ Kd7 20.
Nxf6+ Nxf6 21. Qf7+ 1-0

[Event "Flint Summer Swiss"]
[Site "Flint, MI"]
[Date "2002.07.28"]
[Round "5.1"]
[White "Ashuev, Yuri"]
[Black "Zatonskih, Anna"]
[Result "1/2-1/2"]
[WhiteElo "2201"]
[BlackElo "2471"]
[PlyCount "21"]
[EventDate "2002.07.27"]

1. d4 e6 2. c4 f5 3. Nf3 Nf6 4. g3 c6 5. Bg2 d5 6. b3 Bd6 7. Bb2 O-O 8. O-O b6
9. Nbd2 Bb7 10. Rc1 Nbd7 11. Ne5 1/2-1/2

[Event "Flint Summer Swiss"]
[Site "Flint, MI"]
[Date "2002.07.28"]
[Round "5.10"]
[White "Aldrich, Justin"]
[Black "Hazzard, Bill"]
[Result "0-1"]
[WhiteElo "1646"]
[BlackElo "1511"]
[PlyCount "92"]
[EventDate "2002.07.27"]

1. e4 c5 2. Nf3 d6 3. Bb5+ Bd7 4. Bxd7+ Nxd7 5. O-O Ngf6 6. Re1 g6 7. c3 Bg7 8.
d4 cxd4 9. cxd4 O-O 10. e5 dxe5 11. dxe5 Ng4 12. e6 Nde5 13. exf7+ Rxf7 14.
Qxd8+ Rxd8 15. Nxe5 Nxe5 16. Nc3 Ng4 17. Be3 Nxe3 18. Rxe3 Rd2 19. Nd1 Bd4 20.
Re4 e5 21. Rxd4 exd4 22. f3 Re7 23. Nf2 Ree2 24. Ng4 Rxg2+ 25. Kf1 Rxb2 26. Rd1
Rgd2 27. Rc1 Rdc2 28. Rd1 Rxa2 29. Nf6+ Kg7 30. Nd5 Rxh2 31. Kg1 Rhd2 32. Rb1
b6 33. Nf4 h5 34. Rc1 Rdc2 35. Rb1 Kh6 36. Ne6 d3 37. Nd4 Rg2+ 38. Kf1 Raf2+
39. Ke1 d2+ 40. Kd1 Rf1+ 41. Kc2 d1=Q+ 42. Kc3 Qd2+ 43. Kc4 Rxb1 44. Nf5+ gxf5
45. f4 Rc1+ 46. Kb5 Qa5# 0-1

[Event "Flint Summer Swiss"]
[Site "Flint, MI"]
[Date "2002.07.28"]
[Round "4.6"]
[White "Aldrich, Jeff"]
[Black "Jones, Avery"]
[Result "1/2-1/2"]
[WhiteElo "1900"]
[BlackElo "1671"]
[PlyCount "67"]
[EventDate "2002.07.27"]

1. d4 d5 2. c4 Nf6 3. Nc3 e6 4. Bg5 Be7 5. Nf3 c6 6. e3 O-O 7. Qc2 Re8 8. Bd3
Nbd7 9. O-O Nf8 10. Rad1 Ng6 11. Ne5 Nd7 12. Bxe7 Qxe7 13. f4 Ndxe5 14. dxe5
Rf8 15. e4 dxc4 16. Bxc4 Qc5+ 17. Qf2 Qxc4 18. Qg3 Qc5+ 19. Kh1 Qe7 20. f5 exf5
21. exf5 Qxe5 22. fxg6 Qxg3 23. gxf7+ Kh8 24. hxg3 Be6 25. Rfe1 Bxf7 26. Re7
Kg8 27. Rdd7 b5 28. Ne4 Rae8 29. Rxe8 Rxe8 30. Nd6 Rf8 31. Rxa7 Bd5 32. Kg1 h6
33. a4 bxa4 34. Rxa4 1/2-1/2

[Event "Flint Summer Scholastic"]
[Site "Flint, MI"]
[Date "2002.08.03"]
[Round "4.4"]
[White "Williams, Marcus"]
[Black "Maddock, Joshua"]
[Result "1-0"]
[WhiteElo "1227"]
[BlackElo "875"]
[PlyCount "151"]
[EventDate "2002.08.03"]

1. d4 d5 2. Nf3 Nc6 3. e3 Nf6 4. a3 Bf5 5. c4 e6 6. Nbd2 Bd6 7. Be2 O-O 8. c5
Be7 9. Nh4 Bg4 10. Nhf3 b6 11. b4 a5 12. b5 Nb8 13. c6 Bd6 14. a4 Ne4 15. O-O
Nxd2 16. Nxd2 Bxe2 17. Qxe2 h6 18. f4 Bb4 19. Ba3 Qe7 20. Bb2 Qd6 21. Rf3 Nxc6
22. bxc6 Qxc6 23. Qd3 Rab8 24. Rff1 b5 25. Rfc1 Qd7 26. axb5 Qxb5 27. Qxb5 Rxb5
28. Bc3 Bxc3 29. Rxc3 Rb2 30. Nf3 Rc8 31. Rxa5 Rb1+ 32. Kf2 Rb2+ 33. Kg3 g6 34.
Ra7 c6 35. Ra6 Re2 36. Ne5 Rb8 37. Kf3 Rbb2 38. Nd3 Rbc2 39. Rxc2 Rxc2 40. Nc5
g5 41. fxg5 hxg5 42. h3 e5 43. Rxc6 e4+ 44. Kg3 Re2 45. Kh2 Rxe3 46. Rd6 Rc3
47. Rxd5 e3 48. Rxg5+ Kf8 49. Re5 Kg7 50. g4 f6 51. Re4 Kg6 52. Kg2 f5 53.
gxf5+ Kxf5 54. Kf3 e2+ 55. Kxe2 Rxh3 56. Re3 Rh2+ 57. Kd3 Rh1 58. Kc4 Rc1+ 59.
Kd5 Rd1 60. Rf3+ Kg4 61. Rf8 Kg5 62. Ke5 Re1+ 63. Ne4+ Kg6 64. d5 Kg7 65. Rf4
Kg6 66. Ke6 Kg7 67. Ke7 Rb1 68. d6 Rb7+ 69. d7 Kg6 70. Ke8 Rxd7 71. Kxd7 Kg7
72. Rf6 Kg8 73. Ke7 Kg7 74. Ra6 Kh7 75. Kf7 Kh8 76. Rh6# 1-0

[Event "Flint Summer Scholastic"]
[Site "Flint, MI"]
[Date "2002.08.03"]
[Round "1.4"]
[White "Wilkins, Zack"]
[Black "Fick II, Douglas"]
[Result "0-1"]
[WhiteElo "475"]
[BlackElo "1458"]
[PlyCount "74"]
[EventDate "2002.08.03"]

1. e4 c5 2. Bc4 d6 3. Nf3 Nc6 4. Ng5 Ne5 5. Bxf7+ Nxf7 6. Nxf7 Kxf7 7. O-O Nf6
8. Qf3 g6 9. Qb3+ e6 10. Nc3 Qe7 11. Re1 Bg7 12. d3 Nd7 13. Re3 Bxc3 14. Qxc3
e5 15. Rf3+ Kg7 16. Qd2 h6 17. Rh3 Qg5 18. Qxg5 hxg5 19. Rxh8 Kxh8 20. Bxg5 b5
21. Re1 Kg7 22. Re3 Nf6 23. Rf3 Ng8 24. Rh3 Bxh3 25. gxh3 Rf8 26. h4 Nf6 27. f3
Kf7 28. f4 exf4 29. Bxf4 Ke6 30. c4 bxc4 31. dxc4 Nxe4 32. Bh6 Rh8 33. Bg7 Rxh4
34. b3 Nf6 35. b4 cxb4 36. Kg2 Kf7 37. Bh8 Rxh8 0-1

[Event "Flint Summer Scholastic"]
[Site "Flint, MI"]
[Date "2002.08.03"]
[Round "2.1"]
[White "Thach, Scott"]
[Black "Kahn, Aaron"]
[Result "0-1"]
[WhiteElo "1141"]
[BlackElo "1821"]
[PlyCount "44"]
[EventDate "2002.08.03"]

1. e4 d5 2. exd5 Nf6 3. c4 e6 4. dxe6 Bxe6 5. b3 Bc5 6. Nf3 Nc6 7. Nc3 Qe7 8.
Be2 O-O-O 9. O-O Rhg8 10. Re1 g5 11. Bf1 g4 12. Ne5 Nxe5 13. Rxe5 Qd6 14. Re2
g3 15. hxg3 Qxg3 16. Re3 Bxe3 17. dxe3 Qh4 18. Be2 Rxd1+ 19. Nxd1 Bh3 20. Bf3
Bxg2 21. Bxg2 Qg4 22. Kf1 Qxd1# 0-1

[Event "Flint Summer Scholastic"]
[Site "Flint, MI"]
[Date "2002.08.03"]
[Round "4.6"]
[White "Thach, Scott"]
[Black "Azzio, Mario"]
[Result "1-0"]
[WhiteElo "1141"]
[BlackElo "859"]
[PlyCount "107"]
[EventDate "2002.08.03"]

1. e4 e5 2. Nf3 Nc6 3. d4 f5 4. exf5 d5 5. dxe5 Bxf5 6. Bb5 Nge7 7. Nd4 g6 8.
Bg5 Qd7 9. Bxe7 Bxe7 10. Nc3 O-O-O 11. Qf3 Bb4 12. Bxc6 bxc6 13. Nxf5 gxf5 14.
O-O-O Rde8 15. Rhe1 Bxc3 16. Qxc3 Rhg8 17. g3 h5 18. f4 a6 19. Qc5 Kb7 20. Rd3
Rb8 21. Qa5 Ka7 22. Ra3 Rb6 23. Qc5 Rgb8 24. Ree3 Qh7 25. e6 h4 26. e7 Re8 27.
Reb3 Qxe7 28. Qxe7 Rxe7 29. gxh4 Re1+ 30. Kd2 Rh1 31. Rh3 Rxb2 32. h5 Rb8 33.
h6 Rh8 34. Rag3 Rb1 35. h7 Rbb8 36. Rg7 Kb7 37. Rb3+ Kc8 38. Rxb8+ Kxb8 39.
Rg8+ Rxg8 40. hxg8=Q+ Kb7 41. Kc3 Kb6 42. Kb4 a5+ 43. Ka4 d4 44. Qc4 d3 45.
Qd4+ c5 46. Qf6+ c6 47. Qd8+ Ka7 48. Kxa5 dxc2 49. Qd2 c1=Q 50. Qxc1 c4 51. Qb2
c3 52. Qb6+ Ka8 53. Ka6 c2 54. Qb7# 1-0

[Event "Flint Summer Scholastic"]
[Site "Flint, MI"]
[Date "2002.08.03"]
[Round "2.6"]
[White "Sanders, Travis"]
[Black "Forward, Marcus"]
[Result "1-0"]
[WhiteElo "1271"]
[BlackElo "844"]
[PlyCount "47"]
[EventDate "2002.08.03"]

1. e4 e5 2. Nf3 Nc6 3. Bc4 Bc5 4. b3 Nf6 5. Nc3 Ng4 6. O-O Bxf2+ 7. Rxf2 Nxf2
8. Kxf2 d6 9. h3 g5 10. d4 exd4 11. Bxg5 Ne7 12. Nd5 Kf8 13. Bxe7+ Ke8 14. Bxd8
Kxd8 15. Qxd4 c6 16. Qxh8+ Kd7 17. Nf6+ Kc7 18. Bxf7 a5 19. e5 dxe5 20. Nxe5
Ra6 21. Nc4 b5 22. Ne8+ Kd8 23. Qf6+ Kd7 24. Ne5# 1-0

[Event "Flint Summer Scholastic"]
[Site "Flint, MI"]
[Date "2002.08.03"]
[Round "2.3"]
[White "Oesterle, Noah"]
[Black "Moroney, Timothy"]
[Result "0-1"]
[WhiteElo "958"]
[BlackElo "1596"]
[PlyCount "76"]
[EventDate "2002.08.03"]

1. e4 e5 2. Nf3 Nc6 3. Nc3 Nf6 4. Bc4 Bc5 5. Ng5 O-O 6. Bxf7+ Rxf7 7. Nxf7 Kxf7
8. d3 d6 9. O-O Bg4 10. Qd2 Nh5 11. Ne2 Qh4 12. Qg5 Qxg5 13. Bxg5 Bxe2 14. Rfe1
Bg4 15. h3 Be6 16. c3 h6 17. Bd2 Rf8 18. g4 Ke7 19. Re2 Nf4 20. Bxf4 Rxf4 21.
Kg2 h5 22. gxh5 Rh4 23. Rh1 Rxh5 24. a3 g5 25. b4 Bb6 26. a4 a5 27. b5 Nd8 28.
Rd2 Bb3 29. c4 Bxa4 30. Ra1 Bb3 31. Rb2 a4 32. Rd2 Ba5 33. Re2 Ne6 34. Kh2 Nf4
35. Re3 Bc3 36. Ra3 Bb2 37. Rxb3 axb3 38. d4 Rxh3+ 0-1

[Event "Flint Summer Scholastic"]
[Site "Flint, MI"]
[Date "2002.08.03"]
[Round "5.4"]
[White "Myers, Eric"]
[Black "Williams, Marcus"]
[Result "1/2-1/2"]
[WhiteElo "1134"]
[BlackElo "1227"]
[PlyCount "104"]
[EventDate "2002.08.03"]

1. e4 c5 2. Nf3 e6 3. d3 d6 4. Be2 Nc6 5. Be3 g6 6. Nc3 Bg7 7. d4 cxd4 8. Nxd4
Nf6 9. Bb5 Bd7 10. Bxc6 bxc6 11. Bg5 Qc7 12. O-O e5 13. Nf3 Rb8 14. b3 O-O 15.
Re1 Bg4 16. h3 Be6 17. Nh2 Nd7 18. Ng4 Bxg4 19. Qxg4 f5 20. exf5 Rxf5 21. Ne4
Rbf8 22. Be7 Nf6 23. Nxf6+ Bxf6 24. Bxf8 Kxf8 25. Re3 Qb6 26. Rf3 Rxf3 27. Qxf3
Kg7 28. Rd1 d5 29. c4 d4 30. Qg4 Qd8 31. Qe4 Qd6 32. g3 Qa3 33. Rd2 Qc1+ 34.
Kg2 Qxd2 35. Qxc6 Qxa2 36. b4 d3 37. Qd7+ Kh6 38. Qxd3 Qa6 39. Qd2+ Bg5 40. f4
exf4 41. gxf4 Qb7+ 42. Kg3 Bf6 43. h4 Qe7 44. f5+ Kg7 45. fxg6 hxg6 46. Qc2
Qe3+ 47. Kg2 Bxh4 48. c5 Qg3+ 49. Kf1 Qf3+ 50. Kg1 Qg4+ 51. Qg2 Qxg2+ 52. Kxg2
Bd8 1/2-1/2

[Event "Flint Summer Scholastic"]
[Site "Flint, MI"]
[Date "2002.08.03"]
[Round "3.2"]
[White "Myers, Eric"]
[Black "Homa, Seth"]
[Result "0-1"]
[WhiteElo "1134"]
[BlackElo "1609"]
[PlyCount "56"]
[EventDate "2002.08.03"]

1. e4 Nc6 2. Nf3 e5 3. Nc3 Bb4 4. Bb5 Nf6 5. Bxc6 dxc6 6. Nxe5 Qe7 7. Nf3 O-O
8. d3 Bg4 9. Bg5 h6 10. Bh4 g5 11. Bg3 Nd5 12. Qd2 Rad8 13. O-O Bxf3 14. gxf3
Nxc3 15. bxc3 Bd6 16. d4 Qe6 17. e5 Be7 18. f4 Qg4 19. Kh1 Qf3+ 20. Kg1 c5 21.
Rad1 cxd4 22. cxd4 Rd5 23. Qe3 Qh5 24. Rd3 b6 25. c4 Ra5 26. a3 Kh8 27. Kh1 Qh3
28. fxg5 Qxf1# 0-1

[Event "Flint Summer Scholastic"]
[Site "Flint, MI"]
[Date "2002.08.03"]
[Round "2.10"]
[White "Miller, Charles"]
[Black "Myers, Eric"]
[Result "0-1"]
[WhiteElo "713"]
[BlackElo "1134"]
[PlyCount "50"]
[EventDate "2002.08.03"]

1. e4 e5 2. Nf3 Nc6 3. Nc3 Nf6 4. Bb5 Ng4 5. d4 exd4 6. Bxc6 dxc6 7. Qxd4 Qxd4
8. Nxd4 Bc5 9. Nce2 Be6 10. Nxe6 Bxf2+ 11. Kf1 fxe6 12. h3 Be3 13. hxg4 Rf8+
14. Ke1 Bf2+ 15. Kd2 O-O-O+ 16. Kc3 b5 17. Bg5 Rd7 18. Rad1 Rff7 19. Rxd7 Rxd7
20. Rxh7 a5 21. Bh4 Bb6 22. Rh8+ Kb7 23. Rh7 a4 24. Bf6 Bf2 25. Rxg7 Be1# 0-1

[Event "Flint Summer Scholastic"]
[Site "Flint, MI"]
[Date "2002.08.03"]
[Round "3.5"]
[White "Maddock, Joshua"]
[Black "Sanders, Travis"]
[Result "1/2-1/2"]
[WhiteElo "875"]
[BlackElo "1271"]
[PlyCount "60"]
[EventDate "2002.08.03"]

1. e4 d6 2. Nf3 Nf6 3. Nc3 Bg4 4. h3 Bh5 5. d4 Nbd7 6. Bc4 c6 7. Bf4 e6 8. d5
Nc5 9. dxe6 fxe6 10. e5 Nfe4 11. Nxe4 Nxe4 12. Bxe6 Qe7 13. Bg4 Bxg4 14. hxg4
Rd8 15. Qd4 d5 16. Qxa7 g5 17. Bh2 Qb4+ 18. c3 Nxc3 19. O-O Ne2+ 20. Kh1 Bc5
21. Qa3 Qxa3 22. bxa3 Bxa3 23. Rab1 Be7 24. Rxb7 Rd7 25. Rxd7 Kxd7 26. Re1 Nf4
27. Bxf4 gxf4 28. g3 fxg3 29. fxg3 h6 30. a4 Ra8 1/2-1/2

[Event "Flint Summer Scholastic"]
[Site "Flint, MI"]
[Date "2002.08.03"]
[Round "5.3"]
[White "Li, Derek"]
[Black "Thach, Scott"]
[Result "1-0"]
[WhiteElo "1305"]
[BlackElo "1141"]
[PlyCount "62"]
[EventDate "2002.08.03"]

1. e4 e6 2. d4 b6 3. Nc3 Bb7 4. Nf3 Bb4 5. Bd3 Bxc3+ 6. bxc3 Nf6 7. Bg5 O-O 8.
e5 h6 9. exf6 hxg5 10. fxg7 Kxg7 11. Qd2 f6 12. h4 g4 13. Nh2 f5 14. h5 Rh8 15.
Nf1 Bxg2 16. Rh2 Bb7 17. h6+ Kg6 18. Qf4 d6 19. Qxg4+ Qg5 20. Qxg5+ Kxg5 21.
Bc4 d5 22. Bd3 Rxh6 23. Rxh6 Kxh6 24. c4 Nd7 25. cxd5 Bxd5 26. Ne3 c6 27. Ke2
Kg5 28. f3 Kf4 29. Rf1 Rg8 30. c4 c5 31. cxd5 Re8 {Remainder illegible, 57?}
1-0

[Event "Flint Summer Scholastic"]
[Site "Flint, MI"]
[Date "2002.08.03"]
[Round "3.4"]
[White "Li, Derek"]
[Black "Hochstadt, Jeff"]
[Result "1-0"]
[WhiteElo "1305"]
[BlackElo "830"]
[PlyCount "131"]
[EventDate "2002.08.03"]

1. e4 e5 2. Nf3 Nc6 3. Bc4 Nf6 4. Ng5 d5 5. exd5 Nxd5 6. Qf3 Be6 7. Nxe6 fxe6
8. Nc3 Nce7 9. Bxd5 Nxd5 10. Qh5+ g6 11. Qxe5 Qf6 12. Qxf6 Nxf6 13. O-O O-O-O
14. b3 Nd5 15. Bb2 Bg7 16. Nxd5 Bxb2 17. Rab1 Rxd5 18. Rxb2 Rxd2 19. Re1 a6 20.
h3 Re8 21. Kf1 Rf8 22. Re2 Rfd8 23. Rxe6 Rd1+ 24. Re1 Rxe1+ 25. Kxe1 Kd7 26. c4
Kc6 27. Rd2 Re8+ 28. Re2 Rxe2+ 29. Kxe2 Kc5 30. Kd3 b5 31. cxb5 axb5 32. a3 Kd5
33. a4 c6 34. a5 Kc5 35. Kc3 b4+ 36. Kd3 Kb5 37. Kd4 Kxa5 38. Kc5 Ka6 39. Kxc6
Ka5 40. Kc5 h6 41. g4 g5 42. f3 Ka6 43. Kxb4 Kb6 44. Kc4 Kc6 45. Kd4 Kd6 46.
Ke4 Ke6 47. b4 Kf6 48. b5 Ke6 49. b6 Kd6 50. Kf5 Kc6 51. Kg6 Kxb6 52. Kxh6 Kc6
53. Kxg5 Kd6 54. h4 Ke6 55. Kg6 Ke7 56. Kg7 Ke6 57. h5 Ke5 58. h6 Kf4 59. h7
Kg3 60. h8=Q Kxf3 61. Kf6 Kg3 62. Kf5 Kg2 63. Kf4 Kf2 64. Qh2+ Ke1 65. Ke3 Kd1
66. Qd2# 1-0

[Event "Flint Summer Scholastic"]
[Site "Flint, MI"]
[Date "2002.08.03"]
[Round "1.1"]
[White "Kahn, Aaron"]
[Black "Johnson, Zachary"]
[Result "1-0"]
[WhiteElo "1821"]
[BlackElo "592"]
[PlyCount "47"]
[EventDate "2002.08.03"]

1. c4 e5 2. g3 Nc6 3. Bg2 Nf6 4. Nc3 Bb4 5. e3 Bxc3 6. bxc3 O-O 7. Ne2 Re8 8.
d4 exd4 9. cxd4 d6 10. O-O Be6 11. d5 Bg4 12. dxc6 bxc6 13. h3 Bxe2 14. Qxe2
Nd7 15. Bxc6 Rb8 16. Bb2 Rb6 17. Bd5 Nf6 18. Bxf6 Qxf6 19. Rab1 Qf5 20. Qf3
Rxb1 21. Qxf5 Rxf1+ 22. Kxf1 Re5 23. Qc8+ Re8 24. Qxe8# 1-0

[Event "Flint Summer Scholastic"]
[Site "Flint, MI"]
[Date "2002.08.03"]
[Round "2.2"]
[White "Homa, Seth"]
[Black "Reddick, Forrest"]
[Result "1-0"]
[WhiteElo "1609"]
[BlackElo "942"]
[PlyCount "45"]
[EventDate "2002.08.03"]

1. e4 e6 2. d4 d5 3. exd5 exd5 4. c4 Nf6 5. Nc3 Be6 6. cxd5 Nxd5 7. Nf3 Bb4 8.
Qc2 Qd7 9. Bd3 Nc6 10. O-O O-O-O 11. a3 Nxc3 12. bxc3 Ba5 13. Rb1 g6 14. Bg5
Rde8 15. Bf6 Rhg8 16. c4 Bf5 17. d5 Bxd3 18. Qxd3 Ne7 19. Qb3 b6 20. Nd4 Nf5
21. Nc6 Bd2 22. Qb5 Bc3 23. Qa6# 1-0

[Event "Flint Summer Scholastic"]
[Site "Flint, MI"]
[Date "2002.08.03"]
[Round "5.1"]
[White "Homa, Seth"]
[Black "Moroney, Timothy"]
[Result "1/2-1/2"]
[WhiteElo "1609"]
[BlackElo "1596"]
[PlyCount "45"]
[EventDate "2002.08.03"]

1. e4 e5 2. Nf3 Nc6 3. Bb5 a6 4. Ba4 Nf6 5. O-O Bc5 6. Nxe5 Nxe5 7. d4 Nxe4 8.
dxe5 Qh4 9. Be3 Nxf2 10. Bxf2 Bxf2+ 11. Rxf2 Qxa4 12. Qf3 O-O 13. Nc3 Qc6 14.
Ne4 b6 15. Re1 Bb7 16. Qg4 Qg6 17. Qh4 Rfe8 18. Rf4 Bxe4 19. Rexe4 Kf8 20. Rg4
Qf5 21. Rg5 Qe6 22. Qxh7 Qh6 23. Qxh6 1/2-1/2

[Event "Flint Summer Scholastic"]
[Site "Flint, MI"]
[Date "2002.08.03"]
[Round "4.2"]
[White "Homa, Seth"]
[Black "Li, Derek"]
[Result "1-0"]
[WhiteElo "1609"]
[BlackElo "1305"]
[PlyCount "77"]
[EventDate "2002.08.03"]

1. e4 e5 2. Nf3 Nc6 3. Bb5 a6 4. Ba4 b5 5. Bb3 Be7 6. O-O Nf6 7. Re1 O-O 8. h3
d6 9. c3 Bb7 10. d4 exd4 11. cxd4 Re8 12. Ng5 Rf8 13. f4 h6 14. Nxf7 Rxf7 15.
Bxf7+ Kxf7 16. e5 dxe5 17. dxe5 Qxd1 18. Rxd1 Ne4 19. Be3 Nb4 20. Na3 Nd5 21.
Nc2 Nxe3 22. Nxe3 Kg8 23. Kh2 Bc5 24. Nc2 Nf2 25. Rd7 Bb6 26. Re1 Bc6 27. Rd2
Rf8 28. Nd4 Be8 29. Ne6 Rf5 30. Rd8 Kf7 31. Rxe8 Kxe8 32. Nxg7+ Kf8 33. Nxf5
Nd3 34. Rf1 Nxb2 35. e6 h5 36. Rf3 Nc4 37. Rg3 Nd2 38. e7+ Ke8 39. Rg8+ 1-0

[Event "Flint Summer Scholastic"]
[Site "Flint, MI"]
[Date "2002.08.03"]
[Round "2.9"]
[White "Hochstadt, Jeff"]
[Black "Rosner, Alex"]
[Result "1-0"]
[WhiteElo "830"]
[BlackElo "1181"]
[PlyCount "133"]
[EventDate "2002.08.03"]

1. e4 e6 2. Nf3 d5 3. exd5 exd5 4. Nc3 c5 5. d3 Nc6 6. Be3 Nf6 7. d4 Qb6 8. Bb5
Bd7 9. Qe2 cxd4 10. Nxd4 Nxd4 11. Bxd4+ Qe6 12. Bxd7+ Nxd7 13. Qxe6+ fxe6 14.
O-O e5 15. Rfe1 Bd6 16. f4 e4 17. Nxd5 O-O 18. Rxe4 Nc5 19. Bxc5 Bxc5+ 20. Kf1
Rad8 21. Rd1 g5 22. g3 Rf5 23. c4 b5 24. b3 a5 25. Ke2 Kf8 26. fxg5 Rf2+ 27.
Ke1 Rxh2 28. Rf4+ Kg8 29. Nf6+ Kf7 30. Rxd8 Bb4+ 31. Kd1 Rh1+ 32. Kc2 Rh2+ 33.
Kd1 Rh1+ 34. Ke2 Rh2+ 35. Kf3 Kg6 36. Rg8+ Kf7 37. Ng4+ Kxg8 38. Nxh2 bxc4 39.
Rxc4 Kg7 40. Rc7+ Kg6 41. Kg4 h5+ 42. Kf3 Kxg5 43. Ra7 Kg6 44. a3 Bc3 45. Rb7
Kg5 46. b4 a4 47. Ra7 Be5 48. Rxa4 h4 49. gxh4+ Kxh4 50. b5+ Kg5 51. Ng4 Bc7
52. Rc4 Ba5 53. Rc6 Bd8 54. b6 Bxb6 55. Rxb6 Kf5 56. Nh2 Ke5 57. a4 Kd5 58. a5
Kc5 59. Rb1 Kc4 60. a6 Kc3 61. a7 Kd2 62. a8=Q Kc2 63. Ke3 Kxb1 64. Qg2 Ka1 65.
Kd3 Kb1 66. Kc3 Ka1 67. Qb2# 1-0

[Event "Flint Summer Scholastic"]
[Site "Flint, MI"]
[Date "2002.08.03"]
[Round "4.7"]
[White "Hochstadt, Jeff"]
[Black "Myers, Eric"]
[Result "0-1"]
[WhiteElo "830"]
[BlackElo "1134"]
[PlyCount "92"]
[EventDate "2002.08.03"]

1. e4 e5 2. Nf3 Nc6 3. Nc3 Nf6 4. Bc4 Be7 5. d4 Bd6 6. Bg5 h6 7. Bxf6 Qxf6 8.
dxe5 Nxe5 9. O-O Nxf3+ 10. Qxf3 Qxf3 11. gxf3 Be5 12. Nd5 c6 13. Nc3 Bxc3 14.
bxc3 O-O 15. Rfd1 Rd8 16. Kg2 d6 17. Bb3 Be6 18. Rab1 d5 19. Kg3 Rd6 20. Kg2
Rad8 21. exd5 Bxd5 22. Bxd5 Rxd5 23. Rxd5 Rxd5 24. Rxb7 Ra5 25. Rb2 Ra3 26. c4
Rc3 27. Rb7 Rxc2 28. Rxa7 Rxc4 29. a4 Kh7 30. a5 Ra4 31. Rc7 Rxa5 32. Rxc6 g6
33. Rc7 Kg7 34. Kg3 Rb5 35. f4 g5 36. f3 Rb4 37. fxg5 hxg5 38. Re7 Kg6 39. Re4
Rb3 40. Kg4 f5+ 41. Kg3 fxe4 42. Kf2 Rxf3+ 43. Kg2 Kh5 44. h3 Kh4 45. Kg1 Kxh3
46. Kh1 Rf1# 0-1

[Event "Flint Summer Scholastic"]
[Site "Flint, MI"]
[Date "2002.08.03"]
[Round "4.3"]
[White "Ford, Adam"]
[Black "Sanders, Travis"]
[Result "0-1"]
[WhiteElo "1232"]
[BlackElo "1271"]
[PlyCount "89"]
[EventDate "2002.08.03"]

1. e4 d6 2. d4 Nf6 3. Nc3 Bg4 4. f3 Bc8 5. Bc4 Nbd7 6. e5 dxe5 7. dxe5 Nxe5 8.
Qxd8+ Kxd8 9. Bb3 e6 10. Nge2 Bc5 11. Bf4 Ng6 12. Bg5 Ke7 13. O-O-O Bd7 14.
Rhe1 Bf2 15. Rf1 Bb6 16. Ne4 Bb5 17. Rfe1 Rad8 18. N2c3 Bc6 19. a3 h6 20. Nxf6
gxf6 21. Be3 Bxe3+ 22. Rxe3 Rxd1+ 23. Kxd1 Rd8+ 24. Ke1 Nf4 25. Kf1 h5 26. g3
Nd5 27. Nxd5+ Bxd5 28. Bxd5 Rxd5 29. Rc3 Kd6 30. Ke2 c5 31. Rd3 c4 32. Rxd5+
exd5 33. c3 Kc5 34. Ke3 Kd6 35. Kd4 b6 36. g4 h4 37. h3 a5 38. f4 a4 39. f5 b5
40. Ke3 Ke5 41. Ke2 Kf4 42. Kf2 Ke4 43. Ke2 d4 44. cxd4 Kxd4 45. Kd2 0-1

[Event "Flint Summer Scholastic"]
[Site "Flint, MI"]
[Date "2002.08.03"]
[Round "2.4"]
[White "Fick II, Douglas"]
[Black "Maddock, Joshua"]
[Result "0-1"]
[WhiteElo "1458"]
[BlackElo "875"]
[PlyCount "52"]
[EventDate "2002.08.03"]

1. e4 e5 2. Nf3 Nc6 3. Bc4 Bc5 4. O-O d6 5. Nc3 Bg4 6. h3 Bxf3 7. Qxf3 Nf6 8.
d3 Qe7 9. Bg5 Nd4 10. Qd1 h6 11. Nd5 Qd8 12. Nxf6+ gxf6 13. Bh4 Qe7 14. c3 Ne6
15. Qf3 Ng5 16. Qf5 Rg8 17. b4 Bb6 18. Rad1 c5 19. bxc5 Bxc5 20. Bd5 Rb8 21. d4
exd4 22. cxd4 Bb6 23. Rfe1 Kf8 24. Kh1 Rg6 25. f4 Ne6 26. Bf2 Ng7 0-1

[Event "Flint Summer Scholastic"]
[Site "Flint, MI"]
[Date "2002.08.03"]
[Round "3.9"]
[White "Crosby, Leonard"]
[Black "Thach, Scott"]
[Result "0-1"]
[WhiteElo "563"]
[BlackElo "1141"]
[PlyCount "48"]
[EventDate "2002.08.03"]

1. d4 e6 2. Nf3 b6 3. e4 Bb7 4. Bd3 Nf6 5. b3 Nxe4 6. Bb2 Nf6 7. O-O Be7 8. Ne5
O-O 9. f4 d6 10. Nc4 Nd5 11. Rf3 b5 12. Ncd2 a6 13. Rh3 h6 14. Qg4 f5 15. Qf3
Ra7 16. g4 Nf6 17. gxf5 Bxf3 18. Rxf3 exf5 19. Bxf5 Nh5 20. Be6+ Kh8 21. Rg3
Nxg3 22. hxg3 Kh7 23. Bf5+ Rxf5 24. Kf1 Bh4 0-1